00699nam a2200241 a 4500001001300000003000900013005001700022008004100039020000900080082001900089100002100108245005100129260003500180300000900215500003500224505001000259650002000269700002100289902000800310942000700318952011700325999001500442nice12345678IN_TiNIC20260116011650.0050524s1977 dela grp 000 0 urd  ac3000a491.43931bHUS aHussain, S Hamid aUrdu Shairi Men Mustamal Talmihat-O-Mustalihat aDelhibBhopal Book Housec1977 a319p aincludes index and biblioraphy2 aNotes aDictionary-Urdu1 aHussain, S Hamid bSRS cBK 001040708StackRoom-aHMIbHMId2007-06-08g30.00l0o491.43931 HUSp09641r2007-06-08v30.00w2005-05-24yBK c3247d3247